000 00533nam a2200169Ia 4500
008 150121s9999 xx 000 0 und d
020 _a2094-9626
245 _aAdvancing Information Technology Research /
_h[electronic resource]
260 _bLiceo de Cagayan University,
_c2010.
516 _aElectronic text
650 _aInformation Technology.
650 _aTechnology Education.
650 _aTechnology Studies.
830 _aPhilippine E-Journals
856 _uhttp://ejournals.ph/index.php?journal=AITR
942 _cEJ
999 _c276978
_d276978